Notes of research on the New York obelisk, (Record no. 16311)

MARC details
000 -LEADER
fixed length control field 00909cam a22002291 4500
001 - CONTROL NUMBER
control field ca 27000535
003 - CONTROL NUMBER IDENTIFIER
control field DLC
005 - DATE AND TIME OF LATEST TRANSACTION
control field 20260227111119.0
008 - FIXED-LENGTH DATA ELEMENTS--GENERAL INFORMATION
fixed length control field 800812s1893 nyuaf 000 0 eng
010 ## - LIBRARY OF CONGRESS CONTROL NUMBER
LC control number ca 27000535
035 ## - SYSTEM CONTROL NUMBER
System control number (OCoLC)6610657
040 ## - CATALOGING SOURCE
Original cataloging agency DLC
Transcribing agency N
Modifying agency OCoLC
-- DLC
042 ## - AUTHENTICATION CODE
Authentication code premarc
050 00 - LIBRARY OF CONGRESS CALL NUMBER
Classification number DT62.O2
Item number J8
100 1# - MAIN ENTRY--PERSONAL NAME
Personal name Julien, Alexis A.
Fuller form of name (Alexis Anastay),
Dates associated with a name 1840-1919.
245 10 - TITLE STATEMENT
Title Notes of research on the New York obelisk,
Statement of responsibility, etc. by Alexis A. Julien.
260 ## - PUBLICATION, DISTRIBUTION, ETC.
Place of publication, distribution, etc. [New York,
Date of publication, distribution, etc. pref. 1893]
300 ## - PHYSICAL DESCRIPTION
Extent 2 p. l., [1], 66-137, [93]-166 p.
Other physical details illus., pl.
Dimensions 25 cm.
500 ## - GENERAL NOTE
General note Illustrated t.-p.
505 0# - FORMATTED CONTENTS NOTE
Formatted contents note The misfortunes of an obelisk. Reprint from the Bulletin of the American Geographical Society for March, 1893.--A study of the New York obelisk as a decayed boulder. [Reprint from the Annals of the New York Academy of Sciences, vol. VIII, June, 1893]
650 #0 - SUBJECT ADDED ENTRY--TOPICAL TERM
Topical term or geographic name entry element Obelisks.

No items available.

Powered by Koha